20. výročie Nunn-Lugarovho programu a jeho význam pre odzbrojenie (kooperatívne neproliferačné dohody medzi USA a štátmi bývalého ZSSR)

Program kooperatívneho zníženia hrozby, jeho úlohy v minulosti a dnes. Program globálneho zníženia hrozby. Program kontroly exportu a asistencie pri zabezpečení hraníc. Program ochrany a kontroly stavu štiepneho materiálu. Program globálnej iniciatívy pre prevenciu proliferácie. Programy na eliminác...

ver descrição completa

Na minha lista:
Detalhes bibliográficos
Autor principal: Adašková, Daša
Outros Autores: Kazanský, Rastislav
Formato: Capítulo de Livro
Idioma:eslovaco
Assuntos:
Tags: Adicionar Tag
Sem tags, seja o primeiro a adicionar uma tag!

MARC

LEADER 00000naa a2200000 4500
001 0174178
005 20240502072953.5
041 0 |a slo 
044 |a SK 
245 1 0 |a 20. výročie Nunn-Lugarovho programu a jeho význam pre odzbrojenie  |b (kooperatívne neproliferačné dohody medzi USA a štátmi bývalého ZSSR)  |c Daša Adašková, Rastislav Kazanský 
520 |a Program kooperatívneho zníženia hrozby, jeho úlohy v minulosti a dnes. Program globálneho zníženia hrozby. Program kontroly exportu a asistencie pri zabezpečení hraníc. Program ochrany a kontroly stavu štiepneho materiálu. Program globálnej iniciatívy pre prevenciu proliferácie. Programy na elimináciu štiepnych materiálov. 
610 2 0 |a terorizmus 
610 2 0 |a programy vládne 
610 2 0 |a obrana štátu 
610 2 0 |a zbrane 
610 2 0 |a USA 
610 2 0 |a Rusko 
610 2 0 |a odzbrojenie 
100 1 |a Adašková, Daša 
700 1 |a Kazanský, Rastislav